Podstata a princípy priemyselnej politiky a jej praktická aplikácia v súčasnom období
Zhodnotenie podstaty a princípov priemyselnej politiky a poukázanie na jej praktickú aplikáciu v súčasnom období v rámci Európskej únie a Slovenska. Priemyselná politika Európskej únie. Priemyselná politika Slovenskej republiky.
Gespeichert in:
| 1. Verfasser: | |
|---|---|
| Format: | Buchkapitel |
| Sprache: | Slowakisch |
| Schlagworte: | |
| Tags: |
Keine Tags, Fügen Sie das erste Tag hinzu!
|
MARC
| LEADER | 00000naa$a2200000$$$4500 | ||
|---|---|---|---|
| 001 | 0044361 | ||
| 005 | 20240502071523.3 | ||
| 041 | 0 | |a slo | |
| 044 | |a SK | ||
| 245 | 1 | 0 | |a Podstata a princípy priemyselnej politiky a jej praktická aplikácia v súčasnom období |c Jaroslava Hečková |
| 520 | |a Zhodnotenie podstaty a princípov priemyselnej politiky a poukázanie na jej praktickú aplikáciu v súčasnom období v rámci Európskej únie a Slovenska. Priemyselná politika Európskej únie. Priemyselná politika Slovenskej republiky. | ||
| 610 | 2 | 0 | |a politika priemyselná |
| 610 | 2 | 0 | |a priemysel |
| 610 | 2 | 0 | |a Európska únia |
| 610 | 2 | 0 | |a Slovensko |
| 610 | 2 | 0 | |a konkurencieschopnosť |
| 610 | 2 | 0 | |a prostredie podnikateľské |
| 100 | 1 | |a Hečková, Jaroslava | |